[Event "FIDE World Cup 2017"]
[Site "Tbilisi"]
[Date "2017.09.13"]
[Round "4.2"]
[White "Aronian, Levon"]
[Black "Dubov, Daniil"]
[Result "1-0"]
[WhiteElo "2802"]
[BlackElo "2666"]
[Annotator "TA"]
[PlyCount "193"]
[EventDate "2017.??.??"]
[EventType "k.o."]
[EventCountry "GEO"]

{[%evp 17,193,17,21,12,0,0,-2,0,0,0,0,0,0,0,0,-35,-24,-65,-69,-81,-78,-71,-43,-24,-32,-43,-19,-40,-31,-19,4,0,0,0,19,19,19,19,19,19,19,19,61,52,112,105,222,217,219,218,231,0,0,0,217,217,217,224,272,0,233,215,229,192,182,185,175,144,144,144,144,144,137,137,175,175,175,137,12848,4714,12840,12846,4456,12847,4994,250,29967,29964,29968,29969,29969,29970,29971,29970,29970,29970,29970,29970,29970,29970,29971,29972,29972,29971,29971,29970,29969,29969,29970,0,29970,0,29971,29969,29970,29968,29969,29969,29969,29969,29969,29970,29969,29966,29967,29968,29968,29961,29966,175,29968,175,29968,126,29964,126,29966,29965,29963,126,29962,175,12109,243,233,175,242,24,29960,29959,29960,126,126,12,12,0,156,0,159,0,29959,0,29955,29961,29954,29955,222,12,29970,29970,29968,29969,29967,29968,29982,29982,29982,29983]} 1. d4 Nf6 2. c4 g6 3. Nf3 Bg7 4. Nc3 d5 5. cxd5 Nxd5 6. e4 Nxc3 7. bxc3 c5 8. Be3 O-O 9. Be2 b6 {LiveBook: 45 Games. D85: Exchange Grünfeld: Unusual White 7th moves and lines with 7 Nf3} (9... Qa5 10. O-O Rd8 11. Qb3 Qb6 12. Qa3 Nd7 13. e5 Nf8 14. Rfd1 Qc7 15. Ng5 Ne6 16. Ne4 b6 17. d5 Bb7 18. dxe6 Bxe4 19. exf7+ Kxf7 {1-0 (51) Ponkratov,P (2590)-Dubov,D (2666) St Petersburg 2017}) 10. Qd2 cxd4 11. cxd4 Bb7 {The position is equal.} 12. e5 Nc6 13. h4 Qd5 14. h5 Rfd8 15. Rc1 $146 ({Find the theoretical novelty and annotate with similar games:} 15. hxg6 hxg6 16. Rh4 Qa5 17. Qxa5 Nxa5 {½-½ (37) Cuenca Jimenez,J (2498)-Ftacnik,L (2551) Leiria 2017}) 15... Qa5 16. h6 Bf8 17. e6 f6 18. O-O Qxd2 19. Bxd2 Nxd4 20. Nxd4 Rxd4 21. Be3 Rdd8 22. Bb5 Bd5 23. Bd7 $1 g5 24. f4 Bxh6 {...gxf4 is the strong threat.} 25. fxg5 $1 Bg7 26. Bd4 {[%cal Rg5f6]} fxg5 27. Bxg7 Kxg7 28. Rf7+ Kg6 29. Rxe7 Rf8 30. Re1 $1 Bxa2 (30... Bc4 $14) 31. Bb5 $1 $16 ({But not} 31. Bc6 $6 Rac8 $15) 31... a6 (31... a5 $16) 32. Bd3+ $18 Kf6 33. Rxh7 b5 34. Rh6+ {[%mdl 1024] White has strong compensation.} Ke7 35. Rh7+ Kf6 $1 36. e7 {And now Rf1+ would win.} Rg8 37. Rh6+ Kf7 38. Rh7+ Kf6 $1 39. Be4 $1 Rae8 40. Rh6+ Kf7 41. Bc6 Bc4 42. Bxe8+ Rxe8 43. Rxa6 Rxe7 44. Rxe7+ Kxe7 {[%mdl 4096] Endgame KR-KB} 45. Kf2 Kf7 46. Rb6 Be6 47. Rxb5 Kf6 $2 {[%mdl 8192]} (47... Kg6 $16 48. Re5 Bd7) 48. Kf3 Bf5 49. Rc5 Bd3 50. Ke3 $1 {[%cal Re3d3]} Bf5 51. Kd4 $2 (51. Rc6+ Ke5 52. Rc5+ Kf6 53. Kd4) 51... Bb1 $2 (51... Be6 $18 52. Ke4 Bd7) 52. Rc1 Bg6 53. Rc6+ Kg7 54. Ke5 Bb1 55. Ra6 Bc2 56. Rd6 Kf7 57. Rf6+ Kg7 58. Rf2 Bb1 59. Rb2 Bd3 60. Rd2 Bb1 61. Ke6 Be4 62. Re2 Bd3 63. Rd2 Be4 $1 64. Ke5 Bb1 $1 65. Rd4 Kf7 66. Ra4 Bc2 67. Ra5 Bb1 68. Rc5 Kg6 69. Rc1 Bd3 70. Rd1 Bc2 71. Rd2 Bb1 72. Ke6 Be4 73. g3 $2 (73. g4 Bb1 74. Ke5 Kg7 75. Rd1 Bc2 76. Rd6 Kf7 77. Rd7+ Kg6 78. Rd2) 73... Bb1 $2 (73... Bf5+ $18 74. Kd5 Kf6) 74. Rb2 $2 (74. g4 Kg7 75. Ke5 Kg6 76. Rd7 Bc2 77. Rb7 Bd3 78. Rd7 Bb1 79. Rd6+ Kg7 80. Rd1) 74... Bd3 $2 (74... Bf5+ $18 75. Ke5 Bh3 76. Rb6+ Kh5) 75. Ke7 $2 (75. g4 $1 Kg7 76. Rb7+ Kg6 77. Ke5 Bc2 78. Rb2 Bd3 79. Kd4 Bf1 80. Ke4) 75... Be4 $2 {[%mdl 8192]} (75... Kf5 $16) 76. Rb6+ $2 (76. g4 $1 Bf3 77. Rb6+ Kg7 78. Rb4 Kg6 79. Ke6 Be2 80. Ke5 Bd3 81. Rb3) 76... Kg7 $2 {[%mdl 8192]} (76... Kf5 $16) 77. Rb5 Kg6 78. Rb4 $2 (78. g4 $1 Bf3 79. Rb6+ Kg7 80. Rb4 Bd1 81. Ke6 Kg6 82. Ke5 Bc2 83. Rb2) 78... Bc2 $2 {[%mdl 8192]} (78... Kf5 $16 79. Kf7 Bf3) 79. Kf8 $2 (79. Ke6 Bf5+ 80. Ke5 Bd7 81. Rd4 Bc8 82. Rc4 Bb7 83. g4 Bf3 84. Rb4) 79... Kf6 $2 (79... Kh5 80. Ke7 Bf5) 80. Kg8 Bd3 81. Rd4 Bc2 (81... Be2 {was called for.} 82. Rd2 Bh5) 82. Rd2 $2 (82. Kh8 $18) 82... Bb1 $2 {[%mdl 8192]} (82... Be4 $11) 83. Rf2+ Kg6 84. Rb2 $2 (84. g4 $1 {NOTEXT} Be4 85. Rd2 Kf6 86. Re2 Bd3 87. Rb2 Be4 88. Rf2+ Kg6 89. Rd2) 84... Bd3 85. Rb6+ ({White should play} 85. Kf8 $16) 85... Kf5 $11 86. Rb4 (86. Rd6 $11 Bc4+ 87. Kg7) 86... Kf6 $1 $16 87. Rd4 Bc2 $1 88. Rd2 $2 (88. Kh8 $16) 88... Bb1 89. Rf2+ Kg6 $1 90. g4 $1 Be4 {[#]} 91. Rd2 $1 {[%cal Rd2d6]} Kf6 {[#]} 92. Rb2 $2 (92. Re2 $1 $18 {[%cal Re2e4]} Bd3 93. Rb2) 92... Bd3 $2 {[%mdl 8192]} (92... Ke5 $11) 93. Rb6+ {White mates.} Ke5 94. Kg7 Kf4 95. Rb4+ Be4 {[#]} 96. Rxe4+ $1 {[%mdl 512]} Kxe4 97. Kg6 {Precision: White = 41%, Black = 38%.} 1-0

[Event "FIDE World Cup 2017"]
[Site "Tbilisi"]
[Date "2017.09.13"]
[Round "4.2"]
[White "Grischuk, Alexander"]
[Black "Vachier-Lagrave, Maxime"]
[Result "1/2-1/2"]
[WhiteElo "2788"]
[BlackElo "2804"]
[Annotator "TA"]
[PlyCount "25"]
[EventDate "2017.??.??"]
[EventType "k.o."]
[EventCountry "GEO"]
[SourceTitle "playchess.com"]
[Source "ChessBase"]
[SourceQuality "1"]

{[%evp 18,25,27,27,27,16,28,4,21,20]} 1. e4 c5 2. Nf3 d6 3. d4 cxd4 4. Nxd4 Nf6 5. Nc3 a6 6. a4 g6 7. Be2 Bg7 8. O-O O-O 9. Be3 Nc6 10. Qd2 {LiveBook: 59 Games} Rb8 {B90: Sicilian Najdorf: Unusual White 6th moves, 6 Be3 Ng4 and 6 Be3 e5} (10... Bd7 11. Nb3 Na5 12. Nxa5 Qxa5 13. Rfd1 Rfc8 14. Bd4 Be6 15. Bxf6 exf6 16. Bd3 f5 17. exf5 Bxc3 18. bxc3 Bxf5 19. Bxf5 Qxf5 {½-½ (32) Movsesian,S (2653)-Dominguez Perez,L (2732) Huaian 2016}) 11. h3 Bd7 12. Rfd1 $146 ({Predecessor:} 12. f4 Ne8 13. Nf3 f5 14. Ng5 e6 15. exf5 gxf5 16. Bc4 Qf6 17. Ba2 h6 {0-1 (33) Grebenshikova,T (2042)-Kobzev,D (2098) Tula 2005}) 12... Qc7 13. Nb3 1/2-1/2

[Event "FIDE World Cup 2017"]
[Site "Tbilisi"]
[Date "2017.09.13"]
[Round "4.2"]
[White "Giri, Anish"]
[Black "Ivanchuk, Vassily"]
[Result "1/2-1/2"]
[WhiteElo "2777"]
[BlackElo "2727"]
[Annotator "TA"]
[PlyCount "98"]
[EventDate "2017.??.??"]
[EventType "k.o."]
[EventCountry "GEO"]
[SourceTitle "playchess.com"]
[Source "ChessBase"]
[SourceQuality "1"]

{[%evp 20,98,50,0,19,10,16,14,18,10,6,6,3,2,4,0,0,4,12,0,0,0,8,9,17,8,14,-49,-50,-61,-63,-66,-54,-51,-45,-90,-108,-218,-208,-190,-211,-287,-297,-286,-283,-309,-338,-324,-286,-260,-264,-269,-254,-420,-423,-401,-393,-367,-382,-425,-383,-367,-325,-493,-487,-473,-356,-356,-349,-349,-348,-320,0,0,0,0,0,0,0,0,0]} 1. c4 e5 2. Nc3 d6 3. g3 g6 4. d4 Nd7 5. Nf3 Bg7 6. Bg2 Ngf6 7. O-O O-O 8. e4 a6 9. Qc2 exd4 10. Nxd4 Re8 {E68: King's Indian: Fianchetto: 6...Nbd7 7 0-0 e5 8 e4} 11. Re1 {LiveBook: 4 Games} (11. Rd1 Rb8 12. h3 c6 13. Bf4 Ne5 14. c5 Bf8 15. cxd6 Bxd6 16. Bxe5 Rxe5 17. Nf3 Qe7 18. Nxe5 Bxe5 19. Ne2 Be6 20. Rac1 {1-0 (35) Kovalenko,I (2700)-Maze,S (2582) Berlin 2015}) 11... Ne5 12. b3 c5 13. Nf3 Nfg4 $146 {[#] White must now prevent ...Nxf3+.} ({Predecessor:} 13... Nc6 14. Bf4 Bg4 15. h3 Bxf3 16. Bxf3 Nd4 17. Qd1 Qa5 18. Bd2 {0-1 (65) Donchenko,A (2498)-Shoker,S (2453) Metz 2014}) 14. Nxe5 Nxe5 15. Bb2 Nc6 16. Qd2 Qa5 17. Rad1 Bg4 18. f3 Be6 19. Nd5 Qxd2 20. Rxd2 {And now Bxg7 would win.} Bxb2 (20... Bxd5 $5 21. Bxg7 Kxg7 22. cxd5 Nd4 $11) 21. Rxb2 {Strongly threatening Nc7.} Bxd5 22. cxd5 Nd4 23. f4 ({Better is} 23. b4 $1 $11) 23... a5 $15 24. Kf2 f6 {[%cal Bf7f6,Bf6f5][%mdl 32]} 25. h4 Re7 26. g4 h6 27. Ke3 f5 28. Kd3 (28. gxf5 $17 gxf5 29. Kd3) 28... fxg4 $19 29. e5 Kg7 30. Re4 Nf5 31. Kc4 Ra6 32. a3 h5 33. Ree2 Nd4 ({Not} 33... Nxh4 34. exd6 Rxe2 35. Rxe2 $19) 34. Re4 b5+ {[%cal Bb7b5,Bb5b4][%mdl 32]} 35. Kc3 b4+ 36. Kc4 $2 (36. axb4 axb4+ 37. Kd3) 36... bxa3 37. Ra2 {and the idea exd6 leaves White hopeful.} Rb7 {[#] aiming for ...Rb4+.} 38. Rxa3 Nf5 39. Kc3 Rab6 40. Bf1 g3 41. Bh3 (41. exd6 $142 Rxd6 42. Bh3) 41... Nd4 42. Kd2 Nxb3+ 43. Kd3 Nd4 44. exd6 Rxd6 45. Kc4 Rb4+ $2 (45... Rdb6 $19 46. Rxg3 Rb4+ 47. Kxc5 Nb3+ 48. Rxb3 Rxb3) 46. Kxc5 $11 {The position is equal.} Rdb6 47. Rxd4 R6b5+ 48. Kc6 {Hoping for Rxb4.} Rb6+ 49. Kc5 R6b5+ {Precision: White = 48%, Black = 74%.} 1/2-1/2

[Event "FIDE World Cup 2017"]
[Site "Tbilisi"]
[Date "2017.09.13"]
[Round "4.2"]
[White "Ding, Liren"]
[Black "Wang, Hao"]
[Result "1-0"]
[WhiteElo "2771"]
[BlackElo "2701"]
[Annotator "TA"]
[PlyCount "113"]
[EventDate "2017.??.??"]
[EventType "k.o."]
[EventCountry "GEO"]
[SourceTitle "playchess.com"]
[Source "ChessBase"]
[SourceQuality "1"]

{[%evp 28,113,41,29,31,35,39,27,41,38,37,39,47,47,67,53,77,12,63,58,66,62,65,54,61,62,68,50,59,18,21,19,25,26,81,51,96,96,105,97,141,149,151,157,212,212,211,211,211,205,205,205,205,204,204,204,204,204,204,204,204,204,204,204,204,204,204,204,204,204,204,0,204,204,204,204,204,204,904,893,864,663,29968,29970,29972,29973,29968,29965]} 1. d4 Nf6 2. c4 e6 3. g3 d5 4. Bg2 Be7 5. Nf3 O-O 6. O-O dxc4 7. Qc2 a6 8. a4 Bd7 9. Qxc4 Bc6 10. Bg5 h6 {E05: Open Catalan: 5 Nf3 Be7} 11. Bxf6 Bxf6 12. Nc3 Bxf3 13. Bxf3 c6 14. e3 a5 15. b4 {LiveBook: 9 Games} axb4 16. Qxb4 Ra7 17. a5 Na6 18. Qb6 {[#]} Qa8 $146 19. Ne4 Bd8 20. Qb2 Nb8 21. Nd6 Bxa5 22. Nxb7 (22. Rfb1 $16) 22... Qxb7 (22... Rxb7 $11 23. Rxa5 Qxa5 24. Qxb7 c5) 23. Qxb7 $14 Rxb7 24. Rxa5 Rc8 25. Rc1 Rbc7 26. Ra8 Kf8 27. h4 Ke7 28. h5 Kd6 29. e4 {[%cal Be3e4,Be4e5][%mdl 32]} Ke7 30. e5 $36 {[%mdl 2048] White is pushing.} Rd8 (30... Kd8 $11) 31. Kg2 Rb7 32. Rc4 f6 33. Be4 fxe5 34. dxe5 Rb2 35. Bg6 Nd7 (35... Rb7 $16 {was necessary.} 36. Bh7 Nd7 37. Rxd8 Kxd8) 36. Ra7 $18 {Rf4 is the strong threat.} Re2 {[#]} 37. Re4 $1 {[%cal Re4e2]} ({Much less strong is} 37. Rxc6 Rxe5 38. f4 Rd5) 37... Rxe4 38. Bxe4 {[%mdl 4096] Endgame KRB-KRN} Rc8 39. f4 Kd8 40. Kf3 c5 41. Ke3 Rc7 42. Ra8+ Rc8 43. Ra6 Ke7 44. Ra7 c4 45. Kd2 c3+ 46. Kc2 Kd8 47. Bd3 Rc5 48. Ra8+ Ke7 49. Ra7 Kd8 50. Ra3 Nb6 {Black hopes to continue with ...Nd5.} 51. Rxc3 Rxc3+ 52. Kxc3 {KB-KN} Nd5+ $2 {[#]} (52... Nd7 53. Kd4 Ke7) 53. Kd4 Ke7 54. Be4 Nb4 55. Kc5 {White mates.} Na2 56. Kc4 Nc1 57. Bd3 {Precision: White = 85%, Black = 54%.} 1-0

[Event "FIDE World Cup 2017"]
[Site "Tbilisi"]
[Date "2017.09.13"]
[Round "4.2"]
[White "Fedoseev, Vladimir"]
[Black "Rodshtein, Maxim"]
[Result "0-1"]
[WhiteElo "2731"]
[BlackElo "2695"]
[Annotator "TA"]
[PlyCount "78"]
[EventDate "2017.??.??"]
[EventType "k.o."]
[EventCountry "GEO"]
[SourceTitle "playchess.com"]
[Source "ChessBase"]
[SourceQuality "1"]

{[%evp 15,78,19,23,-10,-10,-12,-3,-23,0,0,0,-9,-6,-14,-14,-8,13,0,83,0,0,0,0,0,0,0,0,0,0,0,0,0,0,0,68,0,0,0,0,0,0,0,0,0,0,0,0,-103,-93,-91,-91,-103,-87,-559,-556,-614,-423,-1958,-1936,-1816,-1653,-1662,-1500,-1650,-1516]} 1. d4 Nf6 2. Nf3 e6 3. c4 b6 4. g3 Bb7 5. Bg2 g6 6. O-O Bg7 7. Nc3 Ne4 8. Nxe4 Bxe4 {LiveBook: 81 Games} 9. Ne5 $146 {A50: Queen's Fianchetto Defence (1 d4 Nf6 2 c4 b6)} ({Predecessor:} 9. Bg5 f6 10. Be3 Nc6 11. Qd2 O-O 12. Rfd1 Ne7 13. Bh6 Bxh6 14. Qxh6 d5 15. Qe3 Nf5 16. Qc3 c6 {1-0 (37) Jakovenko,D (2730)-Ipatov,A (2613) Saint-Quentin 2014}) 9... Bxg2 10. Kxg2 c5 11. Be3 {The position is equal.} Bxe5 12. dxe5 Qc7 13. Bd2 Nc6 14. Bc3 O-O-O ({Don't play} 14... Nxe5 $6 15. f4 $16) 15. f4 h5 16. e3 g5 (16... d5 $11 {keeps the balance.}) 17. Kf2 (17. fxg5 $16 Nxe5 18. h4) 17... h4 18. g4 gxf4 19. exf4 d6 20. exd6 Rxd6 21. Qf3 Rhd8 22. Kg1 Rd3 (22... Nd4 $5 {[%cal Rd4f3]} 23. Qf2 Qc6 $11) 23. Qe4 h3 24. Rae1 Kb7 (24... Qb7 $11) 25. Re3 ({Better is} 25. g5 $14) 25... f5 $11 26. gxf5 Rxe3 27. Qxe3 exf5 28. Qxh3 Rg8+ 29. Kh1 Nd4 30. Bxd4 $1 Qc6+ 31. Qf3 (31. Rf3 $1 $11 cxd4 32. Qh7+ Ka6 33. Qxg8 Qxf3+ 34. Kg1 Qd1+ 35. Kg2) 31... cxd4 $17 {[%cal Bc5d4,Bd4d3,Bd3d2][%mdl 32]} 32. Qxc6+ Kxc6 {[%mdl 4096] Endgame KR-KR} 33. Rg1 Re8 {[%mdl 1024] Black has strong compensation.} 34. b4 $2 {[%mdl 8192] [#]} (34. Rg3 $17 {is a better chance.}) 34... b5 $1 $19 {Black is clearly winning.} 35. c5 {[#]} Kd5 $1 36. Rg7 (36. Rg6 $142 d3 37. h4 (37. Rd6+ $2 Ke4 $19)) 36... d3 37. Rd7+ Kc4 38. Kg2 Kc3 39. h4 d2 {Precision: White = 37%, Black = 72%.} 0-1

[Event "FIDE World Cup 2017"]
[Site "Tbilisi"]
[Date "2017.09.13"]
[Round "4.2"]
[White "Bu, Xiangzhi"]
[Black "Svidler, Peter"]
[Result "1/2-1/2"]
[WhiteElo "2714"]
[BlackElo "2756"]
[Annotator "TA"]
[PlyCount "34"]
[EventDate "2017.??.??"]
[EventType "k.o."]
[EventCountry "GEO"]
[SourceTitle "playchess.com"]
[Source "ChessBase"]
[SourceQuality "1"]

{[%evp 10,34,26,13,22,6,10,17,9,6,15,0,0,-25,7,7,9,-7,-6,-10,-6,-8,-3,-3,0,0,0]} 1. Nf3 Nf6 2. c4 c5 3. Nc3 d5 4. cxd5 Nxd5 5. e3 Nxc3 6. dxc3 {LiveBook: 10 Games. A34: Symmetrical English: 2 Nc3, lines with ...d5} Qc7 $146 ({Predecessor:} 6... Qxd1+ 7. Kxd1 Bf5 8. Nd2 Nc6 9. e4 Bg6 10. Bb5 Rc8 11. h4 h5 12. Re1 e6 13. a4 {0-1 (71) Carlsen,M (2822)-Vachier Lagrave,M (2791) Saint Louis 2017}) 7. Bc4 Nc6 8. O-O e6 9. e4 Bd6 10. Bg5 {[%cal Bc1g5,Bg5h4,Bh4e7][%mdl 32]} h6 11. Bh4 (11. Bd2 {is interesting.} O-O 12. Qe2 b6 13. Rad1 Bb7 14. g3) 11... O-O 12. Qe2 {The position is equal.} Na5 13. e5 Nxc4 14. Qxc4 Bxe5 15. Nxe5 Qxe5 16. Be7 Re8 17. Qxc5 Qxc5 {Precision: White = 50%, Black = 83%.} 1/2-1/2

[Event "FIDE World Cup 2017"]
[Site "Tbilisi"]
[Date "2017.09.13"]
[Round "4.2"]
[White "Jobava, Baadur"]
[Black "So, Wesley"]
[Result "1/2-1/2"]
[WhiteElo "2702"]
[BlackElo "2792"]
[Annotator "TA"]
[PlyCount "107"]
[EventDate "2017.??.??"]
[EventType "k.o."]
[EventCountry "GEO"]
[SourceTitle "playchess.com"]
[Source "ChessBase"]
[SourceQuality "1"]

{[%evp 13,107,6,6,9,8,0,8,0,0,0,6,21,19,10,19,16,19,17,26,19,46,31,38,27,31,32,39,39,39,39,42,42,42,42,42,11,0,0,42,42,69,55,61,61,61,65,70,70,70,70,70,70,77,43,45,56,99,99,99,99,99,99,99,99,99,99,108,108,108,108,108,96,96,96,96,0,96,0,96,70,70,70,70,70,70,70,70,70,70,70,70,70,70,70,70,0]} 1. b3 e5 2. Bb2 Nc6 3. e3 Nf6 4. Nf3 e4 5. Nd4 Nxd4 6. Bxd4 Be7 {A01: Nimzowitsch-Larsen Opening} 7. c4 O-O {LiveBook: 6 Games} 8. Nc3 c5 {The position is equal.} 9. Be5 d6 10. Bg3 Bf5 11. Bh4 $146 ({Predecessor:} 11. Be2 d5 12. cxd5 Nxd5 13. O-O Bf6 14. Rc1 a6 15. h3 Re8 16. a3 Be5 17. Nxd5 Qxd5 18. Qc2 Rac8 19. Bxe5 Qxe5 20. Rfd1 Red8 {½-½ (20) Punzon Moraleda,J (2484)-Yamaliev,V (2470) ICCF email 2014}) 11... Nd7 (11... Ng4 $5 {[%cal Re7h4]} 12. Bg3 Nf6 $11) 12. Bxe7 Qxe7 13. d4 Nb6 14. a4 a5 15. Qd2 Rfd8 16. d5 Bg6 17. h4 Bh5 18. Be2 Bxe2 19. Qxe2 f5 20. f4 exf3 $1 21. gxf3 Re8 22. Kd2 Qf6 23. f4 Re7 24. Rh3 Nd7 25. Rg1 Nb8 26. Qd1 Nd7 27. Rg5 Rf7 28. Kc2 Re8 29. Qd3 h6 30. Rg1 Nf8 31. h5 b6 32. Rhg3 Ree7 33. Nb1 {[%cal Bc3b1,Bb1d2,Bd2f3,Bf3h4][%mdl 32]} Qh4 34. Qf1 Rd7 35. Nd2 Nh7 36. Nf3 Qe7 37. Qd3 Qe4 38. Nh4 Qxd3+ 39. Kxd3 Nf8 40. Ke2 Rf6 41. Kf3 Re7 42. Ng6 Nxg6 43. Rxg6 $16 {[%mdl 4096] Endgame KRR-KRR} Ref7 44. Re1 ({Better is} 44. R6g2 $16) 44... Re7 (44... Rxg6 $11 {remains equal.} 45. hxg6 Re7) 45. Reg1 Ref7 $1 46. Rxf6 (46. R6g2 {feels hotter.} Rd7 47. Kf2 Kf8 48. Ke2 Re7 49. Kd2) 46... Rxf6 {KR-KR. White is slightly better.} 47. e4 fxe4+ 48. Kxe4 Kf7 49. Kf3 Kf8 50. Re1 Kf7 51. Kg4 Kf8 $1 52. Re6 Kf7 $1 53. f5 Kf8 54. Rxf6+ {Precision: White = 68%, Black = 69%.} (54. Kf4 $14) 1/2-1/2

[Event "FIDE World Cup 2017"]
[Site "Tbilisi"]
[Date "2017.09.13"]
[Round "4.2"]
[White "Najer, Evgeniy"]
[Black "Rapport, Richard"]
[Result "1/2-1/2"]
[WhiteElo "2694"]
[BlackElo "2675"]
[Annotator "TA"]
[PlyCount "93"]
[EventDate "2017.??.??"]
[EventType "k.o."]
[EventCountry "GEO"]
[SourceTitle "playchess.com"]
[Source "ChessBase"]
[SourceQuality "1"]

{[%evp 9,93,43,63,52,64,37,37,33,38,42,35,28,26,37,40,37,49,27,39,28,52,0,0,0,0,0,0,0,0,0,-4,-6,25,0,0,0,31,-14,-10,-9,-3,-13,29,16,35,17,14,-12,0,0,0,0,0,0,0,0,0,0,0,0,0,0,70,0,0,0,0,0,0,0,0,0,0,0,0,0,0,0,0,0,0,0,0,0,0,0]} 1. e4 e6 2. d4 d5 3. Nc3 Nc6 4. e5 f6 5. Bb5 Qd7 6. Nf3 {C10: French with 3 Nc3: Unusual Black 3rd moves and 3...dxe4} a6 7. Bd3 $146 (7. Bxc6 $5 Qxc6 8. O-O $14) ({Predecessor:} 7. Bxc6 Qxc6 8. exf6 Nxf6 9. Ne5 Qb6 10. O-O Bd6 11. Na4 Qa7 12. Be3 b6 13. b3 {½-½ (41) Hansen,E (2559)-Rapport,R (2691) Caleta 2014}) 7... fxe5 8. dxe5 {White is slightly better.} Nh6 9. O-O g6 10. Bf4 Bg7 11. Qd2 Nf7 {[%cal Rc6e5]} 12. Rfe1 b6 13. a3 Bb7 14. Rad1 Ne7 15. Ng5 (15. Ne2 $14) 15... O-O $11 16. Nxf7 Rxf7 17. Bh6 Raf8 18. Bxg7 Kxg7 19. f3 c5 20. Ne2 Qa4 21. c3 (21. c4 $5) 21... Qh4 22. Rf1 Bc6 23. Bxa6 b5 24. a4 $1 {[%cal Ra4b5]} bxa4 25. Qe3 Rb8 26. Qxc5 Rxb2 27. Nd4 Bd7 28. Rb1 (28. Qa3 $5 {[%cal Ra3b2]} Rb6 29. Bd3 $11) 28... Ra2 (28... Rd2 $5 {[%cal Rh4g5]}) 29. Rb7 Qg5 {[%csl Ga2][%cal Rg5g2]} 30. Be2 {[%cal Ba6e2,Be2f3,Bf3d5][%mdl 32]} Nf5 31. f4 {[#]} Nxd4 $1 {[%mdl 512]} 32. Qxd4 (32. fxg5 $2 {gets mated.} Nxe2+ 33. Kh1 Rxf1+ 34. Qg1 Rxg1#) (32. cxd4 Qf5) 32... Qf5 33. Bf3 {And now Bxd5! would win.} Be8 34. Bxd5 Rxb7 35. Bxb7 Qc2 (35... Qf7 $11 36. Bf3 a3) 36. Qc5 (36. Qd8 $14 Rb2 37. Qxe8 Rxb7 38. Qxe6) 36... Bf7 {The position is equal.} 37. h4 Qb2 38. Bf3 {[#] h5! is the strong threat.} Ra1 $1 {[%cal Ra1f1]} 39. Rxa1 Qxa1+ 40. Kh2 Qc1 41. Kg3 a3 {White must now prevent ...a2.} 42. Qe7 Qxc3 43. h5 gxh5 44. Qf6+ Kg8 {Strongly threatening ...Qd3.} 45. Qd8+ Kg7 46. Qf6+ Kg8 {Threatens to win with ...Qd3.} 47. Qd8+ {Precision: White = 74%, Black = 80%.} 1/2-1/2

[Event "FIDE World Cup 2017"]
[Site "Tbilisi"]
[Date "2017.09.14"]
[Round "4.3"]
[White "So, Wesley"]
[Black "Jobava, Baadur"]
[Result "1-0"]
[WhiteElo "2792"]
[BlackElo "2702"]
[Annotator "TA"]
[PlyCount "131"]
[EventDate "2017.??.??"]
[EventType "k.o."]
[EventCountry "GEO"]
[SourceTitle "playchess.com"]
[Source "ChessBase"]
[SourceQuality "1"]

{[%evp 18,131,26,17,34,34,28,0,8,4,0,0,30,28,40,31,40,21,33,15,27,12,35,22,31,36,48,43,65,69,84,88,150,147,141,143,132,127,132,108,119,86,85,93,85,78,157,43,50,0,170,140,233,229,227,247,228,224,241,143,148,137,291,266,230,235,237,232,232,206,212,204,307,320,320,320,316,285,298,201,201,200,200,200,320,320,312,213,312,210,312,244,320,320,320,320,320,320,320,320,320,320,319,312,312,312,312,304,297,288,264,0,9103,9057,4952,4634]} 1. Nf3 Nf6 2. c4 b6 3. g3 Bb7 4. Bg2 e6 5. O-O Be7 6. Nc3 O-O 7. Re1 d5 8. cxd5 exd5 9. d4 Re8 {E17: Queen's Indian: 4 g3 Bb7 5 Bg2 Be7} 10. Bf4 {LiveBook: 18 Games} h6 $146 ({Find the theoretical novelty and annotate with similar games:} 10... Na6 11. Rc1 h6 12. Ne5 Bf8 13. Qa4 c5 14. Nb5 Nb4 15. a3 Nc6 16. Qc2 g5 17. Bd2 Nxd4 18. Nxd4 Rxe5 {0-1 (28) Lalith,B (2587)-Jobava,B (2702) Doha 2016}) 11. Ne5 Nbd7 {White is slightly better.} 12. Qa4 {Strongly threatening Nxd7.} Nf8 $1 13. Nc6 Qd7 14. Nxe7+ Rxe7 15. Qxd7 Rxd7 16. Bh3 Re7 17. Nb5 Ng6 18. Be3 Ne4 19. a4 a6 20. Nc3 Nxc3 21. bxc3 Rae8 22. Bg2 c6 23. Ra2 f6 24. Bc1 Nh8 ({Better is} 24... f5) 25. Ba3 $16 Rc7 26. Rb2 b5 27. e4 Nf7 28. Re3 bxa4 29. exd5 Rxe3 30. fxe3 cxd5 {[#]} 31. c4 $1 {[%mdl 512]} Rd7 (31... Nd8 $142) (31... Rxc4 32. Rxb7) 32. Bh3 (32. Rb6 $16) 32... Rc7 $14 33. Bg2 (33. c5 $14) 33... Rd7 $1 $18 {[#]} 34. Rb6 $1 Nd8 (34... h5 $16 35. Kf2 Kh8) 35. cxd5 f5 36. g4 Bxd5 37. gxf5 Bc4 38. Bf1 (38. Be4 $18) 38... Bxf1 $16 39. Kxf1 {[%mdl 4096] Endgame KRB-KRN} a5 $2 (39... Rd5 $16 {keeps fighting.} 40. Rxa6 Rxf5+ 41. Ke2 Nf7) 40. Rb5 Nc6 41. Kf2 Ra7 42. Ke2 Kf7 43. Kd2 Nb4 44. e4 Rc7 (44... g6 $142 45. fxg6+ Kxg6) 45. Rxa5 $18 Rc2+ 46. Kd1 Rc4 47. Ra7+ ({Don't play} 47. Rxa4 $6 Rxd4+ 48. Ke2 Nc6 $18) 47... Kg8 48. Rxa4 Rxd4+ 49. Ke2 Rxe4+ 50. Kf3 Re5 (50... Rc4 $142 51. Bxb4 Kh7) 51. Rxb4 Rxf5+ {KRB-KR} 52. Rf4 Ra5 (52... Rh5 {was worth a try.}) 53. Bb4 Rb5 (53... Ra2 $142 54. Kg3 g5) 54. Bc3 Rb7 55. Rc4 Rf7+ 56. Ke4 Kh7 57. Be5 Rf1 58. Rc7 Rg1 59. Kf5 Rg5+ 60. Ke6 Kg8 61. Rc3 {aiming for Rg3.} Rg6+ 62. Kf5 Rg5+ 63. Kf4 Rg1 64. Kf5 $2 (64. Rc7 $18) 64... Rf1+ $2 {[%mdl 8192]} (64... Rg5+ $11 65. Ke4 Rg2) 65. Kg6 {Threatening mate with Rc8+.} Rg1+ 66. Bg3 {Precision: White = 69%, Black = 47%.} 1-0